<?xml version="1.0" encoding="UTF-8"?>
<record
    xmlns:xsi="http://www.w3.org/2001/XMLSchema-instance"
    xsi:schemaLocation="http://www.loc.gov/MARC21/slim http://www.loc.gov/standards/marcxml/schema/MARC21slim.xsd"
    xmlns="http://www.loc.gov/MARC21/slim">

  <leader>00707nam a22002177a 4500</leader>
  <controlfield tag="003">OSt</controlfield>
  <controlfield tag="005">20170320115555.0</controlfield>
  <controlfield tag="008">160818b        xxu||||| |||| 00| 0 esp d</controlfield>
  <datafield tag="020" ind1=" " ind2=" ">
    <subfield code="c">978-958-96669-8-2</subfield>
  </datafield>
  <datafield tag="040" ind1=" " ind2=" ">
    <subfield code="c">RCAA</subfield>
  </datafield>
  <datafield tag="082" ind1=" " ind2=" ">
    <subfield code="a">001.42</subfield>
    <subfield code="b">M538m 2006</subfield>
  </datafield>
  <datafield tag="100" ind1=" " ind2=" ">
    <subfield code="a">M&#xE9;ndez &#xC1;lvarez, Carlos Eduardo</subfield>
  </datafield>
  <datafield tag="245" ind1=" " ind2=" ">
    <subfield code="a">Metodolog&#xED;a : </subfield>
    <subfield code="c">dise&#xF1;o y desarrollo del proceso de investigaci&#xF3;n con &#xE9;nfasis en ciencias empresariales / </subfield>
    <subfield code="b">Carlos Eduardo M&#xE9;ndez Alvarez</subfield>
  </datafield>
  <datafield tag="250" ind1=" " ind2=" ">
    <subfield code="a">4ta edici&#xF3;n</subfield>
  </datafield>
  <datafield tag="260" ind1=" " ind2=" ">
    <subfield code="a">M&#xE9;xico : </subfield>
    <subfield code="b">Limusa, </subfield>
    <subfield code="c">2009</subfield>
  </datafield>
  <datafield tag="300" ind1=" " ind2=" ">
    <subfield code="a">357 p&#xE1;ginas</subfield>
  </datafield>
  <datafield tag="504" ind1=" " ind2=" ">
    <subfield code="a">Incluye referencias bibliogr&#xE1;ficas. </subfield>
  </datafield>
  <datafield tag="650" ind1=" " ind2=" ">
    <subfield code="a">Ciencia - Metodolog&#xED;a</subfield>
  </datafield>
  <datafield tag="650" ind1=" " ind2=" ">
    <subfield code="a">Investigaci&#xF3;n cient&#xED;fica</subfield>
  </datafield>
  <datafield tag="942" ind1=" " ind2=" ">
    <subfield code="2">ddc</subfield>
    <subfield code="c">BK</subfield>
  </datafield>
  <datafield tag="999" ind1=" " ind2=" ">
    <subfield code="c">778</subfield>
    <subfield code="d">778</subfield>
  </datafield>
  <datafield tag="952" ind1=" " ind2=" ">
    <subfield code="0">0</subfield>
    <subfield code="1">0</subfield>
    <subfield code="2">ddc</subfield>
    <subfield code="4">0</subfield>
    <subfield code="7">0</subfield>
    <subfield code="8">CG</subfield>
    <subfield code="a">BJHA</subfield>
    <subfield code="b">BJHA</subfield>
    <subfield code="c">GEN</subfield>
    <subfield code="d">2016-08-18</subfield>
    <subfield code="i">16-00421</subfield>
    <subfield code="l">0</subfield>
    <subfield code="o">001.42 M538m 2006</subfield>
    <subfield code="p">16-00421</subfield>
    <subfield code="r">2018-10-06 00:00:00</subfield>
    <subfield code="t">e.1</subfield>
    <subfield code="w">2016-08-18</subfield>
    <subfield code="y">BK</subfield>
  </datafield>
  <datafield tag="952" ind1=" " ind2=" ">
    <subfield code="0">0</subfield>
    <subfield code="1">0</subfield>
    <subfield code="2">ddc</subfield>
    <subfield code="4">0</subfield>
    <subfield code="7">0</subfield>
    <subfield code="8">CG</subfield>
    <subfield code="a">BJHA</subfield>
    <subfield code="b">BJHA</subfield>
    <subfield code="c">STAFF</subfield>
    <subfield code="d">2017-03-20</subfield>
    <subfield code="i">16-00637</subfield>
    <subfield code="o">001.42 M538m  2009</subfield>
    <subfield code="p">16-00637</subfield>
    <subfield code="r">2018-10-06 00:00:00</subfield>
    <subfield code="t">e.2</subfield>
    <subfield code="w">2017-03-20</subfield>
    <subfield code="y">BK</subfield>
  </datafield>
  <datafield tag="952" ind1=" " ind2=" ">
    <subfield code="0">0</subfield>
    <subfield code="1">0</subfield>
    <subfield code="2">ddc</subfield>
    <subfield code="4">0</subfield>
    <subfield code="7">0</subfield>
    <subfield code="8">CG</subfield>
    <subfield code="a">BJHA</subfield>
    <subfield code="b">BJHA</subfield>
    <subfield code="c">STAFF</subfield>
    <subfield code="d">2017-03-20</subfield>
    <subfield code="i">16-00638</subfield>
    <subfield code="o">001.42 M538m </subfield>
    <subfield code="p">16-00638</subfield>
    <subfield code="r">2018-10-06 00:00:00</subfield>
    <subfield code="t">e.3</subfield>
    <subfield code="w">2017-03-20</subfield>
    <subfield code="y">BK</subfield>
  </datafield>
  <datafield tag="952" ind1=" " ind2=" ">
    <subfield code="0">0</subfield>
    <subfield code="1">0</subfield>
    <subfield code="2">ddc</subfield>
    <subfield code="4">0</subfield>
    <subfield code="7">0</subfield>
    <subfield code="8">CG</subfield>
    <subfield code="a">BJHA</subfield>
    <subfield code="b">BJHA</subfield>
    <subfield code="c">STAFF</subfield>
    <subfield code="d">2017-03-20</subfield>
    <subfield code="i">16-00639</subfield>
    <subfield code="o">001.42 M538m</subfield>
    <subfield code="p">16-00639</subfield>
    <subfield code="r">2018-10-06 00:00:00</subfield>
    <subfield code="t">e.4</subfield>
    <subfield code="w">2017-03-20</subfield>
    <subfield code="y">BK</subfield>
  </datafield>
  <datafield tag="952" ind1=" " ind2=" ">
    <subfield code="0">0</subfield>
    <subfield code="1">0</subfield>
    <subfield code="2">ddc</subfield>
    <subfield code="4">0</subfield>
    <subfield code="7">0</subfield>
    <subfield code="8">CG</subfield>
    <subfield code="a">BJHA</subfield>
    <subfield code="b">BJHA</subfield>
    <subfield code="c">STAFF</subfield>
    <subfield code="d">2017-03-20</subfield>
    <subfield code="i">16-00640</subfield>
    <subfield code="o">001.42 M538m 2016</subfield>
    <subfield code="p">16-00640</subfield>
    <subfield code="r">2018-10-06 00:00:00</subfield>
    <subfield code="t">e.5</subfield>
    <subfield code="w">2017-03-20</subfield>
    <subfield code="y">BK</subfield>
  </datafield>
  <datafield tag="952" ind1=" " ind2=" ">
    <subfield code="0">0</subfield>
    <subfield code="1">0</subfield>
    <subfield code="2">ddc</subfield>
    <subfield code="4">0</subfield>
    <subfield code="7">0</subfield>
    <subfield code="8">CG</subfield>
    <subfield code="a">BANCWL</subfield>
    <subfield code="b">BANCWL</subfield>
    <subfield code="c">GEN</subfield>
    <subfield code="d">2018-06-11</subfield>
    <subfield code="i">AARD.79</subfield>
    <subfield code="l">0</subfield>
    <subfield code="o">001.42 M538m2</subfield>
    <subfield code="p">140901t1993||r||||||</subfield>
    <subfield code="r">2018-06-11 00:00:00</subfield>
    <subfield code="t">EJ.1</subfield>
    <subfield code="w">2018-06-11</subfield>
    <subfield code="y">BK</subfield>
  </datafield>
  <datafield tag="952" ind1=" " ind2=" ">
    <subfield code="0">0</subfield>
    <subfield code="1">0</subfield>
    <subfield code="2">ddc</subfield>
    <subfield code="4">0</subfield>
    <subfield code="7">0</subfield>
    <subfield code="8">CG</subfield>
    <subfield code="a">BGBPFFM</subfield>
    <subfield code="b">BGBPFFM</subfield>
    <subfield code="c">GEN</subfield>
    <subfield code="d">2024-09-09</subfield>
    <subfield code="i">22-AFARD-2404</subfield>
    <subfield code="l">0</subfield>
    <subfield code="o">AFA  01.42 M538m 2001</subfield>
    <subfield code="p">22-AFARD-2404</subfield>
    <subfield code="r">2024-09-09 15:32:42</subfield>
    <subfield code="t">e.1</subfield>
    <subfield code="w">2024-09-09</subfield>
    <subfield code="y">BK</subfield>
  </datafield>
</record>
